header

Power from the north (Record no. 12955)

MARC details
000 -LEADER
fixed length control field 01355nam a2200325Ia 4500
100 1# - MAIN ENTRY--AUTHOR NAME
Personal name Desbiens, Caroline,
245 10 - TITLE STATEMENT
Title Power from the north
260 ## - PUBLICATION, DISTRIBUTION, ETC. (IMPRINT)
Place of publication Vancouver :
Name of publisher UBC Press,
Year of publication 2013.
300 ## - PHYSICAL DESCRIPTION
Number of Pages xxiii, 281 p. :
Other physical details ill., map.
650 #0 - SUBJECT ADDED ENTRY--TOPICAL TERM
Topical Term Environmental policy
Topical Term Natural resources
856 40 - ELECTRONIC LOCATION AND ACCESS
Uniform Resource Identifier http://site.ebrary.com/lib/rucke/Doc?id=10685283

No items available.

© 2026 Rongo University
Contact us: librarian | system librarian | Rongo university